00301nam a2200121Ia 4500008004100000041000800041082001700049100003700066245003000103260002000133300001100153650001500164210719s2011 xx 000 0 und d aeng a343.056 NATK aNATIONAL HUMAN RIGHTS COMMISSION aRight to adequate shelter aNew Delhic2011 a17bPB aPublic Law